Countries by least number of islands - Statistics

General Stats
  • This quiz has been taken 28 times
  • The average score is 14 of 20
Answer Stats
Continent Beginning Alphabet/
Initials
Answer Number of Inhabited
islands
% Correct
Oceania N Nauru 1
87%
North America D Dominica 1
78%
Europe NM North Macedonia 1
78%
North America AAB Antigua and Barbuda 2
74%
Asia A Azerbaijan 1
74%
North America B Barbados 1
74%
Oceania K Kiribati 21
74%
Oceania MI Marshall islands 24
74%
South America P Peru 8
74%
Europe S Spain 21
74%
Asia SL Sri Lanka 3
74%
Oceania P Palau 8
70%
Oceania T Tuvalu 9
70%
Europe E Estonia 22
65%
Europe I Iceland 4
65%
Africa CV Cape Verde 9
61%
Europe N Norway 4
61%
Asia P Pakistan 7
61%
Oceania S Samoa 4
61%
Europe M Malta 3
52%
No matching quizzes found
Score Distribution
Percent of People with Each Score
Percentile by Number Answered
Your Score History
You have not taken this quiz